Biorremediación de suelos y aguas contaminadas con compuestos orgánicos e inorgánicos /

Obra que en quince capítulos desarrolla los métodos analíticos y tecnológicos de biorremediación, así como la aplicación de éstos en los procesos de descontaminación o desintoxicación de suelos y aguas contaminadas.

Shranjeno v:
Bibliografske podrobnosti
Glavni avtor: Alarcón, Alejandro (autor)
Drugi avtorji: Ferrera-Cerrato, Ronald (autor) (autor), Aceves Navarro, Everardo (presentación) (presentación)
Format: Knjiga
Jezik:španščina
Izdano: México : Trillas, 2013, c2013
Teme:
Oznake: Označite
Brez oznak, prvi označite!

MARC

LEADER 00000nam^a2200000^a^4500
001 000365383
005 20250521000000.0
009 20260310115642.148
020 |a 978-607-17-1617-0 
037 |a Acervo ITESO - Biblioteca 
041 |a ESP 
082 |a 628. 52  |b ALA 
100 |a Alarcón, Alejandro  |e (autor) 
245 1 0 |a Biorremediación de suelos y aguas contaminadas con compuestos orgánicos e inorgánicos /  |c A. Alarcón, R. Ferrera-Cerrato ; presen. de E. Aceves Navarro. 
264 4 |a México :  |b Trillas,  |c 2013, c2013 
300 |a 333 p. 
336 |a texto  |b txt  |2 rdacontenido 
337 |a sin mediación  |b n  |2 rdamedio 
338 |a volumen  |b nc  |2 rdasoporte 
520 |a Obra que en quince capítulos desarrolla los métodos analíticos y tecnológicos de biorremediación, así como la aplicación de éstos en los procesos de descontaminación o desintoxicación de suelos y aguas contaminadas. 
521 |a 2014 BO Licenciatura en Ingeniería Ambiental 
649 |a XX 
650 |a Suelos -  |x Contaminación 
650 |a Suelos -  |x Conservación -  |x Tema Principal 
650 |a Agua -  |x Contaminación 
650 |a Agua -  |x Conservación -  |x Tema Principal 
650 |a Biorremediación 
650 |a Conservación y Protección Ambiental 
650 |a Biotecnología 
650 |a Ingeniería Ambiental 
650 |a Ingeniería Química 
700 |a Ferrera-Cerrato, Ronald  |e (autor) 
700 |a Aceves Navarro, Everardo  |e (presentación) 
910 |a Fondo General 
920 |a Impresos - Libros 
930 |a Colección General 
905 |a 101 
901 |a 0500259181  |b IT1  |c ACC  |i C149694  |u 20250521 
901 |a 0500259178  |b IT1  |c ACC  |i C149693  |u 20250521 
902 |a https://opac.biblio.iteso.mx/vufind/Record/000365383